Responses for show #7505 - Friday, April 7, 2017

Contestants

Pat Greiner, a radio copywriter and voiceover announcer from Casper, Wyoming

Brad Shumel, a pharmaceutical medical director from Chappaqua, New York

David Gatewood, a Ph.D. student from Knoxville, Tennessee (whose 1-day cash winnings total $21,600)

Jeopardy! Round responses

TV TITLE PARTNERS
SIMILAR WORDS
LIT BITS
ENTERTAINING OCCUPATIONS
COMMON BONDS
THE EXPLORERS CLUB
(Sarah: Established in 1904, its members have inspired fellow adventurers while sharing with all of us the wonders of our world.)
    $200 2
[Alex reads the clue as "Her and Mindy".]
...
(Alex: Yeah. [Looking to judges] Did I say "her"? How silly of me. I changed his--well, we won't get into that. I'm not a well person. Dave, go again.)

Mork

David
    $200 17
exercise & exorcise

Pat
    $200 6
Sancho Panza

David
    $200 11
contortionist

David
    $200 22
chess pieces

Brad
    $200 26
(Thor) Heyerdahl

David
    $400 1
Lacey

Pat
    $400 16
oral & aural

Pat
    $400 7
fireman

Pat
    $400 12
a barker

Pat
    $400 21
gods

Brad
    $400 27
the Gobi

Brad
    $600 3
Chyna

Triple Stumper
    $600 18
resign & re-sign

Brad
    $600 8
a dog

Pat
    $600 13
clown

Triple Stumper
    $600 23
bikes

David
    $600 28
(Brad: What is Baffin?)

Ellesmere

Brad
Triple Stumper
    $800 4
Kate

Pat
    $1,000 19
(Brad: What is apparel and...)

garment & garnet

Brad
    $800 9
Scout

David
    $800 14
a tumbler

David
    $800 24
shades of blue

David
    $800 29
(Pat: Who is Nanook?)

Matthew Henson

Pat
Triple Stumper
    $1000 5
(David: Who is Dave?)
...
(Alex: You shortened your own name.)

David

David
Triple Stumper
    $1000 20
mediate & meditate

David
    $1000 10
Bumppo

Pat
    $1000 15
(David: What is ceremonies?)

straight man (or straight woman)

David
Triple Stumper
    $1000 25
whales

Pat
    $1000 30
(Alex: Our thanks to the Explorers Club for allowing us to do those clues there.)

Richard Byrd

Triple Stumper

Scores at the first commercial break (after clue 15):

David Brad Pat
$200 $0 $3,600

Scores at the end of the Jeopardy! Round:

David Brad Pat
$2,800 $0 $4,400

Double Jeopardy! Round responses

WHAT'S NOT TO LICHEN?
HISTORIC AMERICANS
5-"H"
(Alex: ...there will be five responses that begin with the letter H.)
LIGHTHOUSES
-GATES
BILLBOARD'S ALL-TIME TOP COUNTRY ALBUMS
    $400 27
Dolly Parton

Pat
    $400 1
Edison

Pat
    $400 10
a hypocrite

David
    $400 16
Argentina

David
    $400 13
the U.K. (or England)

Brad
    $400 29
The Gambler

Pat
    $800 17
caribou (or reindeer)

Pat
    $800 2
Buchanan

Brad
    $800 6
(Pat: What is a hullabaloo?)

a hoedown

DavidPat
    $800 21
(David: What is Maine?)

New Jersey

DavidBrad
    $800 11
Dan Rather

David
    $800 23
Garth Brooks

David
    $1200 18
manna

Brad
    $1200 3
(David: Who is Deere?)

Cyrus McCormick

David
Triple Stumper
    $1200 7
the hepatic artery

Brad
    $1200 22
(Alex: Yes, with a minute to go.)

the Coast Guard

David
    $1200 12
Ariana Grande

Pat
    $1200 24
Shania Twain

Triple Stumper
    $2,000 19
(Brad: What is hydrogen?)

litmus

Brad
    $1600 4
Stephen Foster

Brad
    $1600 8
a hornet's nest

David
    $3,000 30
(Pat: What is Roanoke?)

Cape Hatteras

Pat
    $1600 14
Bernstein

David
    $1600 25
Problems

Triple Stumper
    $2000 20
tweed

Pat
    $2000 5
(Barbara) Jordan

David
    $2000 9
the Hejaz

Brad
    $2000 28
the Edmund Fitzgerald

David
    $2000 15
the Paralympics

Pat
    $2000 26
Lady Antebellum

Triple Stumper

Scores at the end of the Double Jeopardy! Round:

David Brad Pat
$12,400 $6,000 $7,800

[wagering suggestions for these scores]

Final Jeopardy! Round responses

BRITISH NOVELS
[After Final Jeopardy!, the Smurfs jump, cheer, bump chests, dance, and celebrate in front of the contestant lecterns.]
BradWhat is ?
$3,300
PatWhat is A Room With a View?
$7,000
DavidWhat is Jamaica Inn
$10,000
A Room with a View

Final scores:

David Brad Pat
$2,400 $2,700 $14,800
3rd place: $1,000 2nd place: $2,000 New champion: $14,800

Game dynamics:

Coryat scores:

David Brad Pat
$12,400 $9,000 $10,800
19 R,
4 W
11 R,
3 W
(including 2 DDs)
16 R,
3 W
(including 1 DD)

Combined Coryat: $32,200

The J! Archive is created by fans, for fans. The Jeopardy! game show and all elements thereof, including but not limited to copyright and trademark thereto, are the property of Jeopardy Productions, Inc. and are protected under law. This website is not affiliated with, sponsored by, or operated by Jeopardy Productions, Inc. Join the discussion at JBoard.tv.